Affiches de film floues #1 - Statistiques

Statistiques générales
  • Ce quiz a été pris 49 fois
  • Le résultat moyen est 3 sur 8
Statistiques - réponses
Par images Réponse % Correct
Le Cercle des poètes disparus
84%
La Haine
77%
L'Étrange Noël de monsieur Jack
77%
Amadeus
35%
Psychose
21%
Citizen Kane
19%
Paprika
14%
Requiem pour un massacre
12%
Aucun quiz correspondant
Distribution des résultats
% des personnes avec chaque résultat
Percentile par nombre de réponses
Votre historique - résultats
Vous n’avez pas pris ce quiz